[Event "FRA-chT Top 12"]
[Site "Chartres"]
[Date "2017.05.23"]
[Round "6.1"]
[White "Godard, Maxence"]
[Black "Flear, Glenn C"]
[Result "0-1"]
[WhiteElo "2329"]
[BlackElo "2439"]
[PlyCount "62"]
[EventDate "2017.05.18"]
[EventType "team-tourn"]
[EventRounds "11"]
[EventCountry "FRA"]
[SourceTitle "CBM 178 Extra"]
[Source "ChessBase"]
[SourceDate "2017.06.22"]
[SourceVersion "1"]
[SourceVersionDate "2017.06.22"]
[SourceQuality "1"]
[WhiteTeam "Lisieux"]
[BlackTeam "Montpellier"]
[WhiteTeamCountry "FRA"]
[BlackTeamCountry "FRA"]

1. d4 d5 2. Nf3 Nf6 3. c4 e6 4. Nc3 c6 5. e3 Nbd7 6. Qc2 b6 7. Be2 Bb7 8. 0-0 Be7 9. b3 0-0 10. a4 a5 11. Rd1 Qc7 12. Bb2 Rad8 13. Bd3 h6 14. h3 Qb8 15. cxd5 cxd5 16. Nb5 Rc8 17. Qe2 Ne4 18. Rac1 Bb4 19. Rxc8 Rxc8 20. Rc1 Rxc1+ 21. Bxc1 Qc8 22. Bb2 Nd6 23. Nxd6 Bxd6 24. Bb5 Nf6 25. Ne5 Ne4 26. Bd7 Qc7 27. Be8 Bxe5 28. dxe5 Ba6 29. Bb5 Bxb5 30. axb5 Nc5 31. Ba3 Nxb3 0-1

[Event "FRA-chT Top 12"]
[Site "Chartres"]
[Date "2017.05.21"]
[Round "4.1"]
[White "Godard, Maxence"]
[Black "Hamitevici, Vladimir"]
[Result "0-1"]
[WhiteElo "2329"]
[BlackElo "2487"]
[PlyCount "68"]
[EventDate "2017.05.18"]
[EventType "team-tourn"]
[EventRounds "11"]
[EventCountry "FRA"]
[SourceTitle "CBM 178 Extra"]
[Source "ChessBase"]
[SourceDate "2017.06.22"]
[SourceVersion "1"]
[SourceVersionDate "2017.06.22"]
[SourceQuality "1"]
[WhiteTeam "Lisieux"]
[BlackTeam "Vandoeuvre"]
[WhiteTeamCountry "FRA"]
[BlackTeamCountry "FRA"]

1. d4 d6 2. Nf3 f5 3. g3 Nf6 4. Bg2 g6 5. c3 Bg7 6. Qb3 Nc6 7. Ng5 d5 8. Nf3 0-0 9. Bf4 e6 10. Nbd2 a5 11. a4 b6 12. Qc2 Ba6 13. Ne5 Nxe5 14. Bxe5 Bh6 15. Nf3 Ne4 16. h4 c5 17. Bf4 Bg7 18. e3 h6 19. Bf1 c4 20. Bh3 g5 21. hxg5 hxg5 22. 0-0-0 gxf4 23. gxf4 Kf7 24. Rdg1 Rh8 25. Rxg7+ Kxg7 26. Ne5 Kf6 27. f3 Ng3 28. Qg2 Qg8 29. Re1 Ra7 30. Bg4 Qh7 31. Bxf5 exf5 32. Qxg3 Rg7 33. Ng4+ fxg4 34. f5 Qh2 0-1

[Event "Guernsey op 41st"]
[Site "Vale"]
[Date "2015.10.24"]
[Round "7"]
[White "Godard, Maxence"]
[Black "Heppell, Ian"]
[Result "1-0"]
[WhiteElo "2327"]
[BlackElo "2089"]
[PlyCount "61"]
[EventDate "2015.10.18"]
[EventType "swiss"]
[EventRounds "7"]
[EventCountry "GCI"]
[SourceTitle "CBM 168 Extra"]
[Source "ChessBase"]
[SourceDate "2015.10.29"]
[SourceVersion "1"]
[SourceVersionDate "2015.10.29"]
[SourceQuality "1"]

1. e4 e5 2. Bc4 Nf6 3. d3 c6 4. Nf3 d5 5. Bb3 Bd6 6. Nc3 d4 7. Ne2 Nbd7 8. c3 dxc3 9. bxc3 0-0 10. 0-0 Re8 11. Ng5 Re7 12. Ng3 Nf8 13. Nh5 Nxh5 14. Qxh5 g6 15. Qh6 Be6 16. Nxe6 Nxe6 17. d4 Qa5 18. Bd2 Ree8 19. Rad1 Rad8 20. Qh3 Qc7 21. f4 exd4 22. f5 Nf4 23. Qf3 g5 24. g3 dxc3 25. Bxc3 Bc5+ 26. Kh1 Nd5 27. exd5 Re3 28. Qg4 Rxc3 29. Qxg5+ Kf8 30. f6 cxd5 31. Rfe1 1-0

[Event "Guernsey op 41st"]
[Site "Vale"]
[Date "2015.10.22"]
[Round "5"]
[White "Godard, Maxence"]
[Black "Rosen, Daniel B"]
[Result "1-0"]
[WhiteElo "2327"]
[BlackElo "2063"]
[PlyCount "75"]
[EventDate "2015.10.18"]
[EventType "swiss"]
[EventRounds "7"]
[EventCountry "GCI"]
[SourceTitle "CBM 168 Extra"]
[Source "ChessBase"]
[SourceDate "2015.10.29"]
[SourceVersion "1"]
[SourceVersionDate "2015.10.29"]
[SourceQuality "1"]

1. d4 f5 2. Bg5 g6 3. Nc3 d5 4. e3 Be6 5. Nf3 Nd7 6. a4 Ngf6 7. a5 a6 8. Be2 Bg7 9. Na4 Bf7 10. Bf4 0-0 11. 0-0 Re8 12. Ne5 e6 13. c4 dxc4 14. Bxc4 b5 15. axb6 cxb6 16. Bb3 b5 17. Nc5 Nxc5 18. dxc5 Qc8 19. Rc1 Rd8 20. Qe2 Ne4 21. Rfd1 Rxd1+ 22. Qxd1 g5 23. Bg3 Ra7 24. c6 Nxg3 25. Nxf7 Kxf7 26. hxg3 Bxb2 27. Qh5+ Kf8 28. Qh6+ Ke8 29. Bxe6 Qd8 30. Qh5+ Kf8 31. Rd1 Qf6 32. Bd7 Be5 33. Qe8+ Kg7 34. Rd5 Bc7 35. Rxf5 Qd8 36. Rf7+ Kh6 37. Qe6+ Kh5 38. Rxh7# 1-0

[Event "Naujac op"]
[Site "Naujac"]
[Date "2013.07.03"]
[Round "5"]
[White "Godard, Maxence"]
[Black "Kohler, Paul"]
[Result "1-0"]
[WhiteElo "2348"]
[BlackElo "1930"]
[PlyCount "73"]
[EventDate "2013.06.30"]
[EventType "swiss"]
[EventRounds "9"]
[EventCountry "FRA"]
[SourceTitle "CBM 155 Extra"]
[Source "ChessBase"]
[SourceDate "2013.08.26"]
[SourceVersion "1"]
[SourceVersionDate "2013.08.26"]
[SourceQuality "1"]

1. d4 Nf6 2. Nf3 e6 3. c4 c5 4. e3 d5 5. Nc3 cxd4 6. exd4 Be7 7. cxd5 exd5 8. Bb5+ Bd7 9. Qb3 0-0 10. 0-0 Bg4 11. Ne5 Be6 12. Bd3 Nc6 13. Qxb7 Na5 14. Qb4 Qc7 15. Qa4 a6 16. f4 Qb6 17. f5 Nc4 18. Bxc4 Qxd4+ 19. Kh1 Qxe5 20. fxe6 dxc4 21. exf7+ Kh8 22. Qxc4 Rac8 23. Qxa6 Rc5 24. Bf4 Qh5 25. Qe6 Rxf7 26. Bg3 h6 27. Rf3 Rg5 28. Ne4 Nxe4 29. Qxe4 Rxf3 30. Qxf3 Qg6 31. Rf1 Bf6 32. Bh4 Ra5 33. Bxf6 Qxf6 34. Qxf6 gxf6 35. a3 Rb5 36. b4 Re5 37. Rb1 1-0

[Event "Gibraltar Masters 11th"]
[Site "Caleta"]
[Date "2013.01.29"]
[Round "8"]
[White "Jakubiec, Artur"]
[Black "Godard, Maxence"]
[Result "1-0"]
[WhiteElo "2518"]
[BlackElo "2340"]
[PlyCount "73"]
[EventDate "2013.01.22"]
[EventType "swiss"]
[EventRounds "10"]
[EventCountry "GGB"]
[SourceTitle "CBM 153"]
[Source "ChessBase"]
[SourceDate "2013.03.14"]
[SourceVersion "1"]
[SourceVersionDate "2013.03.14"]
[SourceQuality "1"]

1. g3 d5 2. Bg2 Nf6 3. f4 g6 4. Nf3 Bg7 5. 0-0 0-0 6. d3 c6 7. Nc3 Qb6+ 8. e3 Bg4 9. a4 a5 10. h3 Bxf3 11. Qxf3 Nfd7 12. Kh1 f5 13. e4 e6 14. Qe2 Nc5 15. e5 Nbd7 16. Nb1 Qc7 17. Nd2 Rab8 18. Nf3 b5 19. axb5 cxb5 20. Be3 a4 21. Nd4 b4 22. g4 Kh8 23. Bf3 Ra8 24. Rg1 Qd8 25. gxf5 gxf5 26. Qf2 Ra6 27. Nb5 Nb7 28. Rg5 Qe7 29. Rag1 Rg8 30. Bd4 Raa8 31. Nd6 Nf8 32. Qg3 h6 33. Qh4 Ng6 34. Qh5 Nxf4 35. Nf7+ Kh7 36. Rxg7+ Rxg7 37. Qxh6+ 1-0

[Event "Gibraltar Masters 11th"]
[Site "Caleta"]
[Date "2013.01.27"]
[Round "6"]
[White "Godard, Maxence"]
[Black "Janev, Pavel"]
[Result "0-1"]
[WhiteElo "2340"]
[BlackElo "2126"]
[PlyCount "90"]
[EventDate "2013.01.22"]
[EventType "swiss"]
[EventRounds "10"]
[EventCountry "GGB"]
[SourceTitle "CBM 153"]
[Source "ChessBase"]
[SourceDate "2013.03.14"]
[SourceVersion "1"]
[SourceVersionDate "2013.03.14"]
[SourceQuality "1"]

1. d4 e6 2. c4 b6 3. e4 Bb7 4. Nd2 Bb4 5. Qc2 c5 6. d5 f5 7. a3 Bxd2+ 8. Bxd2 fxe4 9. Qxe4 Nf6 10. Qe2 0-0 11. dxe6 Re8 12. 0-0-0 Rxe6 13. Be3 d5 14. cxd5 Bxd5 15. Nh3 Nc6 16. Qa6 Rd6 17. Nf4 Na5 18. Nxd5 Nxd5 19. Bc4 Kh8 20. Bxd5 Rxd5 21. Qe2 Qd7 22. Qf3 Rd8 23. Rxd5 Qxd5 24. Qxd5 Rxd5 25. Rd1 Rxd1+ 26. Kxd1 Kg8 27. Kc2 Kf7 28. Kd3 Ke6 29. Bd2 Nb7 30. Be3 g6 31. Ke4 b5 32. Kf4 a5 33. Kg5 b4 34. Bd2 Nd6 35. Kh6 Nc4 36. Bc1 Nxb2 37. Bxb2 c4 38. axb4 axb4 39. g4 c3 40. Ba1 Kd5 41. f4 Kc4 42. f5 gxf5 43. gxf5 b3 44. f6 b2 45. f7 b1Q 0-1

[Event "Gibraltar Masters 11th"]
[Site "Caleta"]
[Date "2013.01.23"]
[Round "2"]
[White "Godard, Maxence"]
[Black "Jones, Gawain C B"]
[Result "0-1"]
[WhiteElo "2340"]
[BlackElo "2632"]
[PlyCount "52"]
[EventDate "2013.01.22"]
[EventType "swiss"]
[EventRounds "10"]
[EventCountry "GGB"]
[SourceTitle "CBM 153"]
[Source "ChessBase"]
[SourceDate "2013.03.14"]
[SourceVersion "1"]
[SourceVersionDate "2013.03.14"]
[SourceQuality "1"]

1. d4 Nf6 2. c4 g6 3. Nc3 Bg7 4. e4 d6 5. Bd3 0-0 6. Nge2 Nc6 7. 0-0 e5 8. d5 Nd4 9. Nxd4 exd4 10. Ne2 Re8 11. f3 Nd7 12. Bf4 Qe7 13. Qd2 c5 14. Bg5 Qf8 15. b4 b6 16. Rab1 Ne5 17. Ng3 b5 18. Qc2 a5 19. a3 axb4 20. axb4 Bh6 21. Bc1 Bxc1 22. Rfxc1 Qh6 23. Bf1 d3 24. Qf2 bxc4 25. bxc5 dxc5 26. Qxc5 Ra2 0-1

[Event "Guernsey op 38th"]
[Site "Guernsey"]
[Date "2012.10.23"]
[Round "3"]
[White "Hillarp Persson, Tiger"]
[Black "Godard, Maxence"]
[Result "1/2-1/2"]
[WhiteElo "2556"]
[BlackElo "2371"]
[PlyCount "85"]
[EventDate "2012.10.21"]
[EventType "swiss"]
[EventRounds "7"]
[EventCountry "GCI"]
[SourceTitle "EXT 2013"]
[Source "ChessBase"]
[SourceDate "2012.11.22"]
[SourceVersion "1"]
[SourceVersionDate "2012.11.22"]
[SourceQuality "1"]

1. e4 c6 2. d4 d5 3. e5 Bf5 4. Nf3 e6 5. Be2 Nd7 6. 0-0 Bg6 7. Nbd2 Nh6 8. Nb3 Nf5 9. c3 Bh5 10. h3 Nh4 11. Ne1 Bxe2 12. Qxe2 Be7 13. Nc2 0-0 14. g3 Nf5 15. Ne3 Nxe3 16. Bxe3 Kh8 17. Rae1 Rc8 18. Nc1 c5 19. Nd3 cxd4 20. cxd4 Qa5 21. b3 Qa6 22. Rc1 Ba3 23. Rxc8 Rxc8 24. Qd2 b6 25. h4 Qb5 26. h5 Qc6 27. h6 g6 28. b4 Qc2 29. Qxc2 Rxc2 30. Rb1 Rc3 31. Rb3 Rxb3 32. axb3 Nb8 33. b5 Be7 34. g4 Kg8 35. Kg2 a6 36. bxa6 Nxa6 37. Bd2 Nc7 38. f3 Nb5 39. Be3 Na3 40. f4 Nc2 41. Kf2 Bf8 42. g5 Bb4 43. Nxb4 1/2-1/2

[Event "Guernsey op 38th"]
[Site "Guernsey"]
[Date "2012.10.22"]
[Round "2"]
[White "Godard, Maxence"]
[Black "Lenier, Jude"]
[Result "1-0"]
[WhiteElo "2371"]
[BlackElo "2046"]
[PlyCount "39"]
[EventDate "2012.10.21"]
[EventType "swiss"]
[EventRounds "7"]
[EventCountry "GCI"]
[SourceTitle "EXT 2013"]
[Source "ChessBase"]
[SourceDate "2012.11.22"]
[SourceVersion "1"]
[SourceVersionDate "2012.11.22"]
[SourceQuality "1"]

1. d4 Nf6 2. c4 g6 3. Nc3 Bg7 4. e4 d6 5. f3 0-0 6. Be3 c5 7. dxc5 dxc5 8. Qxd8 Rxd8 9. Bxc5 Nc6 10. Nge2 b6 11. Ba3 Ba6 12. Nb5 Rac8 13. Nec3 Rd7 14. Rd1 e6 15. Be2 Rxd1+ 16. Bxd1 Nd7 17. Be2 Nd4 18. Nxa7 Nxe2 19. Nxc8 Nxc3 20. Ne7+ 1-0

[Event "Guernsey op 38th"]
[Site "Guernsey"]
[Date "2012.10.21"]
[Round "1"]
[White "Campbell, Ian"]
[Black "Godard, Maxence"]
[Result "0-1"]
[WhiteElo "2000"]
[BlackElo "2371"]
[PlyCount "90"]
[EventDate "2012.10.21"]
[EventType "swiss"]
[EventRounds "7"]
[EventCountry "GCI"]
[SourceTitle "EXT 2013"]
[Source "ChessBase"]
[SourceDate "2012.11.22"]
[SourceVersion "1"]
[SourceVersionDate "2012.11.22"]
[SourceQuality "1"]

1. d4 Nf6 2. Nf3 e6 3. g3 d5 4. Bg2 c5 5. 0-0 Nc6 6. c3 Bd7 7. h3 Rc8 8. Be3 Qb6 9. Qb3 Qa5 10. Nbd2 b6 11. a3 Qa6 12. Rfe1 Be7 13. Rac1 0-0 14. Bf1 Na5 15. Qa2 cxd4 16. Bxd4 Qb7 17. Ne5 Nc6 18. Ndf3 Nxd4 19. cxd4 Bb5 20. Qb1 Ne4 21. e3 Bxf1 22. Rxf1 Bd6 23. Rxc8 Rxc8 24. Rc1 Rc7 25. Nd3 Qc8 26. Rxc7 Qxc7 27. Nfe1 h5 28. Qc2 Qc4 29. b3 Qxc2 30. Nxc2 g5 31. b4 Nd2 32. Kg2 g4 33. hxg4 hxg4 34. a4 Kf8 35. a5 bxa5 36. bxa5 Ke8 37. Ncb4 Kd7 38. Nc5+ Bxc5 39. dxc5 Nb3 40. f3 gxf3+ 41. Kxf3 Nxa5 42. e4 d4 43. e5 Nc6 44. Nd3 a5 45. Ke4 a4 0-1

[Event "FRA-chT Top 12"]
[Site "Belfort"]
[Date "2012.06.06"]
[Round "7.7"]
[White "Milliet, Sophie"]
[Black "Godard, Maxence"]
[Result "1/2-1/2"]
[WhiteElo "2387"]
[BlackElo "2363"]
[PlyCount "110"]
[EventDate "2012.05.31"]
[EventType "team-tourn"]
[EventRounds "11"]
[EventCountry "FRA"]
[SourceTitle "CBM 148 Extra"]
[Source "ChessBase"]
[SourceDate "2012.06.22"]
[SourceVersion "1"]
[SourceVersionDate "2012.06.22"]
[SourceQuality "1"]
[WhiteTeam "Evry Grand Roque"]
[BlackTeam "Deauville"]
[WhiteTeamCountry "FRA"]
[BlackTeamCountry "FRA"]

1. e4 c6 2. d4 d5 3. Nc3 dxe4 4. Nxe4 Nd7 5. Ng5 Ngf6 6. Bd3 e6 7. N1f3 Bd6 8. Qe2 h6 9. Ne4 Nxe4 10. Qxe4 Qc7 11. 0-0 b6 12. Qg4 Kf8 13. Bd2 Bb7 14. b4 Nf6 15. Qh4 Nd5 16. Rab1 Nf4 17. Bc4 Kg8 18. Rfe1 Rd8 19. Bxf4 Bxf4 20. Rbd1 g5 21. Qh5 Kg7 22. g3 Bd6 23. c3 Qe7 24. Ne5 c5 25. bxc5 bxc5 26. Rb1 Bxe5 27. Rxe5 cxd4 28. f4 dxc3 29. fxg5 c2 30. Rf1 Rd1 31. Rxd1 cxd1Q+ 32. Qxd1 Rd8 33. gxh6+ Kh8 34. Qg4 Qf6 35. Qg7+ Qxg7 36. hxg7+ Kxg7 37. Ra5 Rd1+ 38. Kf2 Rd2+ 39. Ke3 Rxh2 40. Rxa7 Bd5 41. Bxd5 exd5 42. a4 Rg2 43. Kf4 Re2 44. Ra5 Re4+ 45. Kf5 Rc4 46. Ra7 Re4 47. a5 Ra4 48. a6 d4 49. Ke4 Kg6 50. Ra8 f5+ 51. Kd3 Kg7 52. Kc2 Ra5 53. Kd3 Ra4 54. Kc2 Ra5 55. Kd3 Ra4 1/2-1/2

[Event "FRA-chT Top 12"]
[Site "Belfort"]
[Date "2012.06.04"]
[Round "5.7"]
[White "Shoker, Samy"]
[Black "Godard, Maxence"]
[Result "1/2-1/2"]
[WhiteElo "2517"]
[BlackElo "2363"]
[PlyCount "237"]
[EventDate "2012.05.31"]
[EventType "team-tourn"]
[EventRounds "11"]
[EventCountry "FRA"]
[SourceTitle "CBM 148 Extra"]
[Source "ChessBase"]
[SourceDate "2012.06.22"]
[SourceVersion "1"]
[SourceVersionDate "2012.06.22"]
[SourceQuality "1"]
[WhiteTeam "Mulhouse Philidor"]
[BlackTeam "Deauville"]
[WhiteTeamCountry "FRA"]
[BlackTeamCountry "FRA"]

1. Nf3 d5 2. g3 c6 3. Bg2 Bg4 4. c4 e6 5. cxd5 exd5 6. 0-0 Nd7 7. d3 Ngf6 8. Nc3 Bc5 9. Qb3 Qc8 10. Bf4 0-0 11. Rac1 Bb6 12. e4 dxe4 13. dxe4 Re8 14. Nd2 Nc5 15. Qc2 Bh3 16. Be3 Bxg2 17. Kxg2 Qe6 18. Rce1 Rad8 19. Bxc5 Bxc5 20. e5 Nd5 21. Nxd5 Qxd5+ 22. Nf3 Bb6 23. Rd1 Qc5 24. Qe2 h6 25. h4 Bc7 26. Rxd8 Rxd8 27. Rd1 Rxd1 28. Qxd1 Bxe5 29. Qd8+ Kh7 30. Qd7 Bxb2 31. Qxb7 Bf6 32. Qxf7 Qd5 33. Qxa7 c5 34. a4 c4 35. Qc7 c3 36. a5 Qd3 37. g4 Qe4 38. Qc8 c2 39. a6 Bb2 40. a7 c1Q 41. a8Q Qxa8 42. Qxa8 Qf4 43. Qc8 Bf6 44. Qe6 Bd8 45. h5 Bf6 46. Nh2 Be5 47. Qg6+ Kg8 48. Qe8+ Kh7 49. Qg6+ Kg8 50. Nf1 Bd4 51. Qe6+ Kf8 52. Qe2 Be5 53. Ng3 Kg8 54. Qa2+ Kh8 55. Qe6 Kh7 56. Qc8 Bd6 57. Qc2+ Kh8 58. Kh3 Be5 59. Qe2 Bd6 60. Qe8+ Kh7 61. Qg6+ Kh8 62. Kg2 Be5 63. Qe8+ Kh7 64. Qg6+ Kh8 65. Ne4 Bd4 66. Qe8+ Kh7 67. Qg6+ Kh8 68. Kf1 Qf3 69. Qe8+ Kh7 70. Qg6+ Kh8 71. Qe6 Ba7 72. Ke1 Bd4 73. Qe8+ Kh7 74. Qg6+ Kh8 75. Qe6 Kh7 76. Qf5+ Qxf5 77. gxf5 Kg8 78. Ke2 Kf7 79. f3 Bb2 80. Kd3 Be5 81. Kc4 Bb2 82. Kd5 Ba1 83. Kc4 Bb2 84. Kd3 Be5 85. Ke3 Bb2 86. Kf4 Bc1+ 87. Kg4 Bb2 88. Ng3 Kf6 89. Nf1 Kf7 90. Kf4 Bc1+ 91. Ke4 Kf6 92. f4 Kf7 93. Nh2 Ke7 94. Ng4 Bb2 95. Kd5 Bc3 96. Nf2 Bb2 97. Nd3 Bc3 98. Ne5 Bb2 99. Ke4 Bc3 100. Ng4 Bb2 101. f6+ Bxf6 102. Kf5 Kf7 103. Ne5+ Ke7 104. Nc6+ Kf7 105. Nb4 Be7 106. Nd3 Bd6 107. Ne5+ Ke7 108. Nc6+ Kf7 109. Nd8+ Ke7 110. Nb7 Bc7 111. Nc5 Kf7 112. Nb7 Bb8 113. Nd8+ Ke8 114. Nc6 Bc7 115. Kg6 Bxf4 116. Kxg7 Be3 117. Nb4 Bd2 118. Nd5 Bc1 119. Nf6+ 1/2-1/2

[Event "Hastings Masters op 87th"]
[Site "Hastings"]
[Date "2012.01.03"]
[Round "7"]
[White "Hagesaether, Arne"]
[Black "Godard, Maxence"]
[Result "0-1"]
[WhiteElo "2152"]
[BlackElo "2333"]
[PlyCount "62"]
[EventDate "2011.12.28"]
[EventType "swiss"]
[EventRounds "9"]
[EventCountry "ENG"]
[SourceTitle "CBM 146 Extra"]
[Source "ChessBase"]
[SourceDate "2012.02.29"]
[SourceVersion "1"]
[SourceVersionDate "2012.02.29"]
[SourceQuality "1"]

1. e4 c6 2. d4 d5 3. Nc3 dxe4 4. Nxe4 Nd7 5. Ng5 Ngf6 6. Bd3 e6 7. N1f3 Bd6 8. 0-0 h6 9. Ne4 Nxe4 10. Bxe4 Qc7 11. c4 Nf6 12. Bc2 b6 13. Bd2 Bb7 14. b4 c5 15. Ba4+ Ke7 16. bxc5 bxc5 17. d5 exd5 18. Re1+ Kf8 19. cxd5 Nxd5 20. Rb1 Nb6 21. Ba5 Rd8 22. Qe2 Kg8 23. Ne5 h5 24. Bb3 c4 25. Bc2 Re8 26. Qxc4 Rxe5 27. Qxc7 Bxc7 28. Bxb6 axb6 29. Rxe5 Bxe5 30. Rxb6 Bc8 31. Bb3 Kf8 0-1

[Event "Hastings Masters op 87th"]
[Site "Hastings"]
[Date "2012.01.02"]
[Round "6"]
[White "Godard, Maxence"]
[Black "Karthikeyan, Murali"]
[Result "0-1"]
[WhiteElo "2333"]
[BlackElo "2154"]
[PlyCount "87"]
[EventDate "2011.12.28"]
[EventType "swiss"]
[EventRounds "9"]
[EventCountry "ENG"]
[SourceTitle "CBM 146 Extra"]
[Source "ChessBase"]
[SourceDate "2012.02.29"]
[SourceVersion "1"]
[SourceVersionDate "2012.02.29"]
[SourceQuality "1"]

1. d4 Nf6 2. c4 e6 3. Nc3 d5 4. cxd5 exd5 5. Bg5 Be7 6. e3 0-0 7. Bd3 h6 8. Bf4 c5 9. dxc5 Bxc5 10. Nf3 Nc6 11. 0-0 Be6 12. Rc1 Be7 13. Ne5 Bd6 14. Nxc6 bxc6 15. Qf3 c5 16. b3 Rc8 17. h3 c4 18. Bxd6 Qxd6 19. bxc4 dxc4 20. Bf5 Qe5 21. Bxe6 fxe6 22. Qb7 Rc7 23. Qa6 Nd5 24. Nb5 Rcf7 25. Qd6 Qe4 26. Qg3 Rf6 27. Nd6 Qd3 28. Nxc4 Nc3 29. Rxc3 Qxc3 30. Ne5 Rxf2 31. Rd1 Re2 32. Ng6 Re8 33. Rd7 Qxe3+ 34. Qxe3 Rxe3 35. Rxa7 Rb8 36. Re7 Re4 37. Kf2 Kh7 38. Kf3 Re1 39. Kf2 Ra1 40. Nf4 Rxa2+ 41. Kg3 Rb3+ 42. Kg4 Ra4 43. Rxe6 g5 44. g3 0-1

[Event "Hastings Masters op 87th"]
[Site "Hastings"]
[Date "2011.12.28"]
[Round "1"]
[White "Grant, Alan"]
[Black "Godard, Maxence"]
[Result "0-1"]
[WhiteElo "2186"]
[BlackElo "2333"]
[PlyCount "62"]
[EventDate "2011.12.28"]
[EventType "swiss"]
[EventRounds "9"]
[EventCountry "ENG"]
[SourceTitle "CBM 146 Extra"]
[Source "ChessBase"]
[SourceDate "2012.02.29"]
[SourceVersion "1"]
[SourceVersionDate "2012.02.29"]
[SourceQuality "1"]

1. Nf3 d5 2. c4 e6 3. d4 Nf6 4. g3 dxc4 5. Qa4+ c6 6. Qxc4 b5 7. Qb3 Bb7 8. Bg2 Nbd7 9. 0-0 Be7 10. Bf4 0-0 11. Nbd2 Qb6 12. a4 a6 13. Ne5 Nxe5 14. dxe5 Nd5 15. e4 Nxf4 16. gxf4 Rad8 17. Nc4 Qc7 18. Ne3 Rd4 19. Rfc1 Rb4 20. Qc3 Rc8 21. b3 Qb6 22. Nc2 bxa4 23. Nxb4 Bxb4 24. Qg3 a3 25. f5 Rd8 26. f6 g6 27. Qf3 Rd2 28. Bf1 Bf8 29. Bc4 Bh6 30. Qg3 Rxf2 31. Kh1 Bxc1 0-1

[Event "FRA-ch Accession"]
[Site "Caen"]
[Date "2011.08.21"]
[Round "6"]
[White "Godard, Maxence"]
[Black "Lamard, Guillaume"]
[Result "1/2-1/2"]
[WhiteElo "2352"]
[BlackElo "2158"]
[PlyCount "88"]
[EventDate "2011.08.16"]
[EventType "swiss"]
[EventRounds "11"]
[EventCountry "FRA"]
[SourceTitle "CBM 144 Extra"]
[Source "ChessBase"]
[SourceDate "2011.10.28"]
[SourceVersion "1"]
[SourceVersionDate "2011.10.28"]
[SourceQuality "1"]

1. d4 d5 2. c4 e6 3. Nf3 Nf6 4. g3 dxc4 5. Bg2 Nc6 6. 0-0 Rb8 7. Bg5 Be7 8. e3 0-0 9. Qe2 b5 10. b3 cxb3 11. axb3 a6 12. Nbd2 Rb6 13. Rfc1 h6 14. Bxf6 Bxf6 15. Ne4 e5 16. Nxf6+ Qxf6 17. d5 Ne7 18. Qb2 Nxd5 19. Qxe5 Qxe5 20. Nxe5 Rd6 21. Nc6 Re8 22. Rc5 Ne7 23. Nd4 c6 24. Bxc6 Nxc6 25. Nxc6 Rd3 26. Nd4 Bb7 27. Kf1 g6 28. h4 h5 29. Rac1 Rd8 30. Ke2 R3xd4 31. exd4 Rxd4 32. Ke3 Rb4 33. R1c3 Kg7 34. Rd3 a5 35. Rc7 Bg2 36. f4 Bh3 37. Ra7 a4 38. bxa4 bxa4 39. Kd2 Be6 40. Kc3 Rc4+ 41. Kd2 Rb4 42. Ke3 Kf6 43. Ra5 Bf5 44. Rc3 Be6 1/2-1/2

[Event "FRA-chT1 1011"]
[Site "France"]
[Date "2010.11.14"]
[Round "3.6"]
[White "Pel, Bonno"]
[Black "Godard, Maxence"]
[Result "0-1"]
[WhiteElo "2279"]
[BlackElo "2339"]
[PlyCount "152"]
[EventDate "2010.10.17"]
[EventType "team-tourn"]
[EventRounds "11"]
[EventCountry "FRA"]
[SourceTitle "EXT 2012"]
[Source "ChessBase"]
[SourceDate "2011.11.24"]
[SourceVersion "1"]
[SourceVersionDate "2011.11.24"]
[SourceQuality "1"]

1. g3 d5 2. Bg2 Nf6 3. d3 c5 4. Bg5 e6 5. Nc3 Be7 6. e4 d4 7. Nce2 Nc6 8. h3 e5 9. f4 h6 10. Bxf6 Bxf6 11. Nf3 exf4 12. gxf4 Bh4+ 13. Nxh4 Qxh4+ 14. Kd2 Be6 15. Qe1 Qd8 16. Qg3 Qa5+ 17. Kc1 0-0-0 18. f5 Bd7 19. Nf4 Qc7 20. Rf1 Qe5 21. Rf3 Rde8 22. Kd2 Rhg8 23. Rg1 g6 24. fxg6 fxg6 25. Nd5 Rgf8 26. Rgf1 Qxg3 27. Rxg3 Rxf1 28. Bxf1 Ne5 29. c3 Be6 30. h4 Bxd5 31. exd5 Kc7 32. Bg2 Rf8 33. Be4 Rf2+ 34. Kc1 Rf6 35. Rg2 Kd6 36. Kd2 b6 37. Ke2 Rf4 38. cxd4 cxd4 39. Bxg6 Kxd5 40. h5 Rg4 41. Be4+ Ke6 42. Rxg4 Nxg4 43. Kf3 Nf6 44. Bg6 Ke5 45. Bf7 a5 46. a3 Nd7 47. Be8 Nc5 48. Bb5 Ne6 49. Bc4 Nf4 50. Kg4 Ng2 51. Kf3 Ne3 52. Bb3 b5 53. Bf7 b4 54. axb4 axb4 55. Bb3 Nf5 56. Bc4 Nd6 57. Bb3 Nb7 58. Bc4 Nc5 59. Bb5 Nb7 60. Be8 Nd6 61. Bc6 Nf5 62. Bb5 Ng7 63. Kg4 Ne6 64. Bc4 Nf8 65. Bf7 Nd7 66. Kf3 Nc5 67. Bc4 Na4 68. Bb3 Nc5 69. Bc4 Nd7 70. Bf7 Kf6 71. Bc4 Kf5 72. Bb5 Ne5+ 73. Ke2 Kf4 74. Be8 Ng4 75. Bg6 Ne3 76. Bf7 Kg4 0-1

[Event "Marrakesh op 1st"]
[Site "Marrakesh"]
[Date "2010.07.02"]
[Round "9"]
[White "Libiszewski, Fabien"]
[Black "Godard, Maxence"]
[Result "1-0"]
[WhiteElo "2478"]
[BlackElo "2344"]
[PlyCount "55"]
[EventDate "2010.06.26"]
[EventType "swiss"]
[EventRounds "9"]
[EventCountry "MAR"]
[SourceTitle "CBM 137 Extra"]
[Source "ChessBase"]
[SourceDate "2010.09.01"]
[SourceVersion "1"]
[SourceVersionDate "2010.09.01"]
[SourceQuality "1"]

1. e4 c6 2. Ne2 d5 3. e5 c5 4. d4 Nc6 5. c3 Bf5 6. dxc5 e6 7. Nd4 Bxb1 8. Rxb1 Bxc5 9. Nxc6 bxc6 10. Qg4 Kf8 11. Bd3 Ne7 12. Bf4 Ng6 13. Bg3 Qc7 14. Qe2 h5 15. h4 Ne7 16. 0-0 Nf5 17. Bxf5 exf5 18. b4 Bb6 19. c4 Qd7 20. c5 Bd8 21. b5 Ke7 22. b6 axb6 23. cxb6 Ke6 24. b7 Rb8 25. Qa6 g5 26. Rfc1 f4 27. Rxc6+ Ke7 28. Rc8 1-0

[Event "Marrakesh op 1st"]
[Site "Marrakesh"]
[Date "2010.06.30"]
[Round "7"]
[White "Sellak, Hadou"]
[Black "Godard, Maxence"]
[Result "1/2-1/2"]
[WhiteElo "2010"]
[BlackElo "2344"]
[PlyCount "68"]
[EventDate "2010.06.26"]
[EventType "swiss"]
[EventRounds "9"]
[EventCountry "MAR"]
[SourceTitle "CBM 137 Extra"]
[Source "ChessBase"]
[SourceDate "2010.09.01"]
[SourceVersion "1"]
[SourceVersionDate "2010.09.01"]
[SourceQuality "1"]

1. e4 c5 2. Nc3 Nc6 3. f4 e6 4. Bb5 Nd4 5. Bc4 Ne7 6. Nf3 d5 7. Bd3 Nec6 8. 0-0 Be7 9. Nxd4 cxd4 10. Ne2 Nb4 11. Ng3 Nxd3 12. cxd3 f5 13. exf5 exf5 14. Qa4+ Kf7 15. Qxd4 b6 16. Qa4 d4 17. b3 g6 18. Bb2 Bf6 19. Rac1 Re8 20. Rc6 Bg7 21. Rfc1 Bd7 22. Qc4+ Be6 23. Rc7+ Re7 24. Qc6 Rxc7 25. Qxc7+ Kg8 26. Qxd8+ Rxd8 27. Rc7 Rd7 28. Rxd7 Bxd7 29. Ne2 Bb5 30. Bxd4 Bf8 31. Nc3 Bxd3 32. Kf2 Kf7 33. Ke3 Ba6 34. d3 Ke6 1/2-1/2